Charamicos / (Registro nro. 13642)

Detalles MARC
000 -LEADER
fixed length control field 01044nam a22002657a 4500
003 - CONTROL NUMBER IDENTIFIER
control field DO-SdBNP
005 - DATE AND TIME OF LATEST TRANSACTION
control field 20210809130424.0
008 - FIXED-LENGTH DATA ELEMENTS--GENERAL INFORMATION
fixed length control field 210804b 2020 dr 00| 0 eng d
020 ## - INTERNATIONAL STANDARD BOOK NUMBER
International Standard Book Number 9789945613742
040 ## - CATALOGING SOURCE
Original cataloging agency BPMSU
Language of cataloging spa
Transcribing agency BPMSU
082 ## - DEWEY DECIMAL CLASSIFICATION NUMBER
Classification number
Item number H557c 2020
Edition number 22
100 1# - MAIN ENTRY--PERSONAL NAME
Personal name Hernández Núñez, Ángela,
Dates associated with a name 1954-
245 10 - TITLE STATEMENT
Title Charamicos /
Statement of responsibility, etc. Ángela Hernández Núñez ; diagramación: Rafael Rolando Delmonte Soriano.
260 ## - PUBLICATION, DISTRIBUTION, ETC. (IMPRINT)
Place of publication, distribution, etc. Santo Domingo :
Name of publisher, distributor, etc. Archivo General de la Nación,
Date of publication, distribution, etc. 2020.
300 ## - PHYSICAL DESCRIPTION
Extent 630 p. ;
Dimensions 26 cm.
490 0# - SERIES STATEMENT
Series statement Archivo General de la Nación,
Volume/sequential designation 406
500 ## - GENERAL NOTE
General note Incluye datos biográficos de la autora en la solapa de la cubierta
505 0# - FORMATTED CONTENTS NOTE
Miscellaneous information Primera parte.
Title Las raíces del furor --
Miscellaneous information Segunda parte.
Title Guerra fría cabeza caliente --
Miscellaneous information Tercera parte.
Title Constante la aurora --
590 ## - LOCAL NOTE (RLIN)
Local note Inventariado, 2021 /VM<br/><br/>
650 #4 - SUBJECT ADDED ENTRY--TOPICAL TERM
Topical term or geographic name as entry element Literatura dominicana
650 #4 - SUBJECT ADDED ENTRY--TOPICAL TERM
Topical term or geographic name as entry element Novela dominicana
710 2# - ADDED ENTRY--CORPORATE NAME
Corporate name or jurisdiction name as entry element Archivo General de la Nación (República Dominicana)
910 ## - USER-OPTION DATA (OCLC)
User-option data VMAteo V.
942 ## - ADDED ENTRY ELEMENTS (KOHA)
Source of classification or shelving scheme Dewey Decimal Classification
Koha item type Libros
Existencias
Withdrawn status Lost status Source of classification or shelving scheme Damaged status Not for loan Collection code Home library Current library Date acquired Source of acquisition Total Checkouts Full call number Barcode Date last seen Price effective from Koha item type
    Dewey Decimal Classification     Colección Dominicana Biblioteca Pública Metropolitana Salomé Ureña Biblioteca Pública Metropolitana Salomé Ureña 08/09/2021 AGN   BPMSU CD RD863.5 H557c 2020 BPMSU21080036 08/09/2021 08/09/2021 Libros